000 00483nam a2200169Ia 4500
003 OSt
005 20200619102603.0
008 190216s9999||||xx |||||||||||||| ||und||
020 _a9788125036845
040 _coclc
082 _a954.03
_bCHA/H
100 1 _aChandra, Bipan
_9137
245 0 _aHistory Of Modern India /
_cBipan Chandra
260 _bOrient Black Swans,
_c2009.
_aHyderbad:
300 _a351p
942 _cBK
_2ddc
_h954.03
_iCHA/H
_k954.03
_mCHA/H
999 _c21658
_d21658